000 01431nam a2200421 i 4500
001 5924
003 KOSZ 005
005 20221117100505.0
008 020718s1977 pl a f |000 0 pol
015 _aPB 1978/1238
040 _aWA N
_cWA N
_dKOSZ 005/HR
046 _k1977
080 _a699.8
080 _a620.1
080 _a(083)
100 1 _aFijałkowski, Janusz
_d(1930- )
_eAutor
245 1 0 _aZabezpieczenia antykorozyjne w budownictwie przemysłowym :
_bporadnik projektanta /
_cJanusz Fijałkowski, Bohdan Ihnatowicz, Andrzej Kwiatkowski.
260 _aWarszawa :
_b"Arkady",
_c1977.
300 _a[1], 289, [3] s. :
_bil., tab. ;
_c31 cm.
336 _2rdacontent
_aTekst
_btxt
337 _2rdamedia
_aBez urządzenia pośredniczącego
_bn
338 _2rdacarrier
_aWolumin
_bnc
380 _aKsiążki
388 _a1901-2000
388 _a1945-1989
504 _aBibliogr.
650 4 _aBudownictwo przemysłowe
650 4 _aKorozja i erozja
650 4 _aOchrona i konserwacja
655 4 _aPoradnik
658 _aArchitektura i budownictwo
658 _aInżynieria i technika
700 1 _aIhnatowicz, Bohdan
_eAutor
700 1 _aKwiatkowski, Andrzej
_eAutor
710 2 _aWydawnictwo Arkady
_4pbl.
856 _uhttp://koha.tu.koszalin.pl/cgi-bin/koha/opac-detail.pl?biblionumber=5924
_yKatalog online BPK
942 _2UKD
_cKS
999 _c5924
_d5924